| 000 | 00545nam a2200217 a 4500 | ||
|---|---|---|---|
| 999 |
_c4997 _d4997 |
||
| 001 | 4997 | ||
| 003 | BD-JhCC | ||
| 005 | 20171206180928.0 | ||
| 008 | 171206s1961 bg |||| ||a| 000 0 eng d | ||
| 035 | _a(BD-JhCC)4997 | ||
| 040 |
_aBD-JhCC _dBD-JhCC |
||
| 041 | _aeng | ||
| 082 |
_a428.3 _bWAR 1961 |
||
| 100 | _aWarner, Alan | ||
| 245 |
_aA Short Guide English Style / _cAlan Warner |
||
| 260 |
_aLondon : _bOxford University Press, _c1961. |
||
| 300 |
_a198 p. : _c22 cm. |
||
| 650 | _aEnglish Language | ||
| 942 |
_2ddc _cBK |
||